| 000 | 01252cam a2200325 a 4500 | ||
|---|---|---|---|
| 001 | 68077 | ||
| 003 | BD-RjUL | ||
| 005 | 20211209081728.0 | ||
| 008 | 170330s1993 enk 001 0 eng d | ||
| 020 |
_a0853693005 _cL.160.00 : CIP entry (Apr.) |
||
| 035 | _a(BD-RjUL)68286 | ||
| 035 | _a125986 | ||
| 040 |
_aBNB _beng _cBNB _dNNCU:A |
||
| 041 | _aeng | ||
| 082 | 0 | 4 |
_a615.1141 _223 _bMAR 1993 |
| 245 | 1 | 4 |
_aThe extra pharmacopoeia / _bMartindale _cJames E F Reynolds and William Martindale |
| 246 | 3 | _aMartindale, the extra pharmacopoeia | |
| 250 | _a30th ed. | ||
| 260 |
_aLondon : _bPharmaceutical Press, _c1993. |
||
| 300 |
_axxv, 2363 p. : _bill. ; _c28cm. |
||
| 500 | _aPublished by direction of the Council of the Royal Pharmaceutical Society of Great Britain and prepared in the Society's Department of Pharmaceutical Sciences. | ||
| 650 | 0 |
_aPharmacopoeias _zGreat Britain. _9201812 |
|
| 650 | 2 |
_aPharmacopoeias _xGreat Britain. _9201813 |
|
| 650 | 2 |
_aDrugs. _9201814 |
|
| 700 | 1 |
_aReynolds, James E. F. _9201815 |
|
| 700 | 1 |
_aParfitt, Kathleen. _9201816 |
|
| 710 | 2 |
_aRoyal Pharmaceutical Society of Great Britain. _bDepartment of Pharmaceutical Sciences. _9201817 |
|
| 740 | 0 | _aMartindale, the extra pharmacopoeia. | |
| 942 |
_2ddc _cBK |
||
| 999 |
_c68077 _d68077 |
||